| 000 | 00451nam a2200157 i 4500 | ||
|---|---|---|---|
| 001 | 103874 | ||
| 003 | ES-MaACL | ||
| 005 | 20230906183448.0 | ||
| 007 | t| | ||
| 008 | 051121s1949 it ||||1| ita d | ||
| 100 | 1 |
_aMiele, Mario. _980960 |
|
| 245 | 1 | 3 |
_aIl riconoscimento delle sentenze matrimoniali straniere / _cMario Miele. |
| 260 |
_aMilano : _bA. Giuffré, _c1949. |
||
| 300 |
_aVIII, 118 p. ; _c25 cm. |
||
| 852 |
_aES-MaACL _jD-7339 _bR.31850 |
||
| 999 |
_c103874 _d103874 |
||